Vowel-less Backwards US State Capitals Quiz Stats

 Plays Quiz Updated Sep 5, 2019

Score 0/50 Timer 08:00
1 Play Today
Vowel-less Capital % Correct
KCR LTTLLittle Rock
93.1%
TC NSRFFJJefferson City
92%
NSKCJJackson
91.7%
TC KL TLSSalt Lake City
91.5%
XNHPPhoenix
91.3%
RVNDDenver
90.9%
SSHLLTTallahassee
89.8%
NTSBBoston
89.7%
TNMRCSSacramento
89.5%
GRBSRRHHarrisburg
88.5%
TRFKNRFFrankfort
88.5%
MLSSalem
88.2%
NTSLRHCCharleston
88.1%
RVDDover
88.1%
SBMLCColumbus
88%
DRFTRHHartford
87.6%
KPTTopeka
87.5%
LLVHSNNashville
87.4%
TC NSRCCarson City
87.4%
NLCNLLincoln
87.3%
DLFGNRPSSpringfield
87.1%
GR NTBBaton Rouge
87%
CNDVRPProvidence
86.9%
F TNSSanta Fe
86.6%
LP TNSSaint Paul
86.4%
Vowel-less Capital % Correct
NSDMMadison
85.8%
DNMHCRRichmond
85.8%
SNM SDDes Moines
84.8%
KCRMSBBismarck
84.7%
HGLRRaleigh
84.6%
DRCNCConcord
83.1%
BMLCColumbia
83%
RMGTNMMontgomery
82.5%
RLPTNMMontpelier
82.4%
NTNRTTrenton
82.1%
NJJuneau
81.9%
GNSNLLansing
81.7%
LLNHHonolulu
81.4%
TC MHLKOklahoma City
81.3%
SBBoise
79.9%
SLPNNAnnapolis
78.6%
SLPNDNIndianapolis
77.6%
TNLTAtlanta
76.6%
NLHHelena
76.6%
TSGAugusta
73.9%
RRPPierre
72.8%
NBLAlbany
72.6%
NTSAustin
69%
PMLOlympia
67.7%
NNHCCheyenne
61.6%

You're not logged in!

Compare scores with friends on all Sporcle quizzes.
OR
Log In

Sporcle TV

Today on Sporcle TV


Watch our educational content, quiz creation guides, and fun videos on Sporcle TV.

Show Comments

Extras

Top Quizzes Today


Score Distribution

Your Account Isn't Verified!

In order to create a playlist on Sporcle, you need to verify the email address you used during registration. Go to your Sporcle Settings to finish the process.

Report this User

Report this user for behavior that violates our Community Guidelines.

Details: